Normal view
MARC view
- Roberts, Nora.
Entry Personal Name
001 - CONTROL NUMBER
- control field: 11101
003 - CONTROL NUMBER IDENTIFIER
- control field: NUST
005 - DATE AND TIME OF LATEST TRANSACTION
- control field: 20180607065210.0
008 - FIXED-LENGTH DATA ELEMENTS
- fixed length control field: 180607|| aca||aabn | a|a d
040 ## - CATALOGING SOURCE
- Original cataloging agency: NUST
- Transcribing agency: NUST
100 ## - HEADING--PERSONAL NAME
- Personal name: Roberts, Nora.
- Title of a work: Three Sisters Island trilogy ;
- Form subdivision: 3rd.
670 ## - SOURCE DATA FOUND
- Source citation: Work cat.: (NUST)0: Roberts, Nora. 4521, Face the fire /, 2002.
